000 01389nam a2200229Ia 4500
003 Ost
005 20260507075654.0
008 260507s9999||||xx |||||||||||||| ||und||
020 _a2340119957
040 _cfsecg
041 _aara
082 _a657
100 _aحنان، رضوان حلوة
_eمؤلف
245 0 _aالنموذج المحاسبي المعاصر من المبادئ إلى المعايير :
_bدراسة معمقة في نظرية المحاسبة /
_c رضوان حلوة حنان
250 _aطبعة 2 مزيدة ومنقحة
260 _aعمان:
_bدار وائل للنشر والتوزيع,
_c2003
300 _a469 صفحة؛
_bإيضاحات ؛
_c25 سم
520 _aنبذة عن تطور علم المحاسبة ومحاولات التنظير المحاسبي- قراءة فلسفية في نظرية المحاسبة- هيكل نظرية المحاسبة- المفاهيم الخاصة بالاهداف- المفاهيم الخاصة بطبيعة الوحدة المحاسبية- مفاهيم جودة المعلومات المحاسبية- مفاهيم القوائم المالية الاساسية- مفاهيم عناصر القوائم المالية- الفروض المحاسبية- المبادئ المحاسبية.
653 _aالمحاسبة التحليلة
653 _aالمحاسبة- نظريات
942 _cكتاب
999 _c45655
_d45655